Szocialista módon dolgozni, tanulni, élni! részletek a dunaújvárosi Jókai Mór szocialista brigád naplójából /

Elmentve itt :
Bibliográfiai részletek
Szerző: Bíró Csaba
Dokumentumtípus: Cikk
Megjelent: Belvedere Meridionale Szeged 1997
Sorozat:Belvedere Meridionale 9 No. 3-6
Kulcsszavak:Magyarország története - 1977-1982 - napló, Jókai Mór szocialista brigád - Dunaújváros - 1977-1982 - napló
Tárgyszavak:
Online Access:http://acta.bibl.u-szeged.hu/4588
LEADER 00880nab a2200193 i 4500
001 acta4588
005 20250806082626.0
008 161015s1997 hu o 000 hun d
040 |a SZTE Egyetemi Kiadványok Repozitórium  |b hun 
041 |a hun 
100 1 |a Bíró Csaba 
245 1 0 |a Szocialista módon dolgozni, tanulni, élni!   |h [elektronikus dokumentum] :  |b részletek a dunaújvárosi Jókai Mór szocialista brigád naplójából /  |c  Bíró Csaba 
260 |a Belvedere Meridionale  |b Szeged  |c 1997 
300 |a 204-205 
490 0 |a Belvedere Meridionale  |v 9 No. 3-6 
650 4 |a Bölcsészettudományok 
650 4 |a Történettudomány és régészet 
695 |a Magyarország története - 1977-1982 - napló, Jókai Mór szocialista brigád - Dunaújváros - 1977-1982 - napló 
856 4 0 |u http://acta.bibl.u-szeged.hu/4588/1/belvedere_1997_003_006_204-205.pdf  |z Dokumentum-elérés